1561 1378 1169 1630 1154 1376 1751 1937 1616 1457 1849 1506 1702 1691 1764 1460 1018 1912 1178 1632 1534 1395 1825 1780 1520 1058 1750 1103 1976 1106 1442 1063 1405 1650 1517 1916 1289 1336 1642 1556 1353 1532 1178 1553 1429 1894 1226 1332 1933 1214 1263 1501 1440 1667 1954 1244 1837 1409 1410 1168 1622 1711 1019 1480 1024 1401 1824 1841 1740 1346 1731 2000 1366 1582 1372 1616 1813 1843 1369 1784 1016 1682 1087 1104 1030 1521 1040 1328 1930 1182 1662 1295 1124 1307 1461 1887 1276 1317 1090 BCNSPRNW ULIB Ver.6.0+V

เปลี่ยนเป็นภาษาไทย

Change to English
 แสดงรายละเอียดบรรณานุกรม
  กลับหน้าหลัก

Brief Record : Get Marc (ISO 2709) : E-mail record : QR code < ปิดหน้าต่าง
LEADER : 00000nam a2200000 a 4500
001    13399128096
003     ULIB
008    220326s2564 th a b 001 0 tha d
020    ^a9786165862097
040    ^abpy
060 04 ^aW20.55.S2^bส867ก
100 0  ^aสุรีย์พันธุ์ วรพงศธร
245 10 ^aการกำหนดขนาดตัวอย่างสำหรับงานวิจัยทางวิทยาศาสตร์สุขภาพ /^cสุรีย์พันธุ์วรพงศธร
250    ^aพิมพ์ครั้งที่ 1
260    ^aเชียงใหม่ :^bวนิดาการพิมพ์,^c2564
300    ^aก-ถ, 308 หน้า :^bภาพประกอบ ;^c26 ซม.
504    ^aมีบรรณานุกรมและดัชนี
505 0  ^aความรู้พื้นฐานในการแจกแจงความน่าจะเป็นของตัวแปรสุ่ม --การกำหนดขนาดตัวอย่างสำหรับงานวิจัยแบบสำรวจ --การกำหนดขนาดตัวอย่างสำหรับงานวิจัยแบบทดลอง --การกำหนดขนาดตัวอย่างโดยใช้โปรแกรมสำเร็จรูป --ข้อผิดพลาดในการใช้วิธีเลือกตัวอย่างและคำนวณขนาดตัวอย่างในงานวิจัย
650  4 ^aวิทยาศาสตร์สุขภาพ^xวิจัย
650  4 ^aวิจัย^xกลุ่มตัวอย่าง
945    ^p399^l0^i29321
945    ^p399^l0^i29322
945    ^p399^l0^i29323
945    ^p399^l0^i29324
945    ^p399^l0^i29325
995    ^aกัณชพร จุลอักษร
999    ^aกัณชพร
รายการนี้ยังไม่มีแท็ก
คุณยังไม่ได้ล็อกอิน คุณสามารถมีกิจกรรมร่วมกับเว็บไซต์ได้ แต่ต้องล็อกอินก่อน ::
  ล็อกอิน

รายการสื่อสารสนเทศ

ลำดับที่ ประเภท เลขเรียก/บาร์โค้ด สถานที่ สถานะ
1. หนังสือสำรอง
หนังสือสำรอง
W20.55.S2 ส867ก ฉ.1 
  Barcode: 29321
ห้องสมุดวิทยาเขตนครสวรรค์
►หนังสือทั่วไป:l:General Books
บนชั้น
2. วิทยาศาสตร์การแพทย์ และสุขภาพ
วิทยาศาสตร์การแพทย์ และสุขภาพ
W20.55.S2 ส867ก ฉ.2 
  Barcode: 29322
ห้องสมุดวิทยาเขตนครสวรรค์
►หนังสือทั่วไป:l:General Books
บนชั้น
3. วิทยาศาสตร์การแพทย์ และสุขภาพ
วิทยาศาสตร์การแพทย์ และสุขภาพ
W20.55.S2 ส867ก ฉ.3 
  Barcode: 29323
ห้องสมุดวิทยาเขตนครสวรรค์
►หนังสือทั่วไป:l:General Books
บนชั้น
4. วิทยาศาสตร์การแพทย์ และสุขภาพ
วิทยาศาสตร์การแพทย์ และสุขภาพ
W20.55.S2 ส867ก ฉ.4 
  Barcode: 29324
ห้องสมุดวิทยาเขตนครสวรรค์
►หนังสือทั่วไป:l:General Books
บนชั้น
5. วิทยาศาสตร์การแพทย์ และสุขภาพ
วิทยาศาสตร์การแพทย์ และสุขภาพ
W20.55.S2 ส867ก ฉ.5 
  Barcode: 29325
ห้องสมุดวิทยาเขตนครสวรรค์
►หนังสือทั่วไป:l:General Books
บนชั้น

รายการใกล้เคียง
    ผู้แต่ง [สุรีย์พันธุ์ วรพงศธร]

BibComment


ยังไม่เคยถูกคอมเมนท์

คอมเมนท์ทรัพยากรรายการนี้
  คอมเมนท์: การกำหนดขนาดตัวอ..


 Copyright 2026. Bcnsprnw @Library